| 000 | 01211nac a22003137a 4500 | ||
|---|---|---|---|
| 001 | BR8300079 | ||
| 003 | BR-BrBNA | ||
| 005 | 20240105115607.0 | ||
| 008 | 230509b bl.|||m| |||| 00| 0 por d | ||
| 040 |
_aBR-BrBNA _bpor _cBiblioteca Nacional de Agricultura |
||
| 072 | _aH20 | ||
| 090 | _a3240 BR8300079 | ||
| 100 | 1 | _aMoraes, T.S. de a. | |
| 100 | 1 | _aGoncalves, E.L. | |
| 100 | 1 | _aRezende, G.C. de | |
| 100 | 1 | _aMendes, C.J. | |
| 100 | 1 | _aSuiter Filho, W. | |
| 110 | 1 |
_aInstituto de Pesquisas e Estudos Florestais, Piracicaba, SP (Brasil) _96160 |
|
| 245 | 1 | _aEvolucao da ferrugem causada pela Puccinia psidii Winter em Eucalyptus spp: dados preliminares [eucalipto, fungo, fitopatologia florestal, Brasil] | |
| 246 | 1 | _a[Evolution of the rust caused by Puccinia psidii Winter in Eucaliptus spp: preliminary data [eucalypt, fungus, forest phytopathology, Brazil]] | |
| 260 | 3 |
_aPiracicaba, SP (Brasil): _c1982. |
|
| 300 | _a12 p. | ||
| 490 |
_aCircular Tecnica - Instituto de Pesquisas e Estudos Florestais (Brazil) _vno. 144 _xISSN 0100-3453 |
||
| 650 | _aFERRUGEM | ||
| 650 | _aEUCALIPTO | ||
| 650 | _aFUNGO | ||
| 909 |
_a202312 _bLúcia Elande _c55 _dLúcia Elande |
||
| 942 |
_2AGRIS _n0 _cMS |
||
| 999 |
_c275476 _d275476 |
||